000 00582nam a2200193Ia 4500
003 GCL
008 140319s9999 xx 000 0 ara d
040 _aGCL /
_cGCL
082 0 4 _a191
_bس ج
100 1 _aسليم دولة
245 1 0 _aالجراحات والمدارات /
_cسليم دولة
260 _a[S.N] :
_bالمؤسسة الجامعية للدراسات والنشر والتوزيع ،
_c1993
300 _a189
490 _a
650 0 4 _aالعالم العربى
650 0 4 _aالفلسفة
650 0 4 _aالفلسفة الحديثة
942 _2ddc
_cBK
999 _c31700
_d31700